Statistics for General Knowledge Quiz #18

Click here to take the quiz!

General Stats

  • This quiz has been taken 135,880 times
    (53,593 since last reset)
  • The average score is 13 of 20

Answer Stats

Question Answer % Correct
Luke, who is your father?Darth Vader
91%
What tourist destination is known as "Sin City"?Las Vegas
90%
What was Picasso's first name?Pablo
90%
What is the name of Japan's currency?Japanese Yen
87%
What family of lizards is notable for being able to change colors?Chameleons
83%
What type of food was famously shared by Lady and the Tramp?Spaghetti
83%
What island country lies off the southeast tip of India?Sri Lanka
78%
What model of Volkswagen is named after a sport?Golf or Polo
70%
What beats 4 of a kind?Straight Flush
69%
What Harry Potter character was gay, according to J.K. Rowling?Albus Dumbledore
64%
What country did the United Kingdom fight a war against in 1982?Argentina
61%
What actress was born Norma Jeane Mortenson?Marilyn Monroe
57%
Who was Robin Hood's second in command?Little John
53%
In the beer world, what does IPA stand for?India Pale Ale
49%
Who had an affair with Queen Guinevere?Sir Lancelot
46%
What is the plural of quantum?Quanta
46%
Chang and Eng were conjoined twins famous in the 1800s. What country were they born in?Thailand (Siam)
45%
What does the Spanish word "corazón" mean?Heart
44%
What actress is singer Keith Urban married to?Nicole Kidman
44%
In what alphabet would you find the letters Alef and Gimel?Hebrew
34%

Score Distribution

Percentile by Number Answered

Percent of People with Each Score

Your Score History

You have not taken this quiz since the last reset